UM Logo

Environmental science: (Record no. 317)

MARC details
000 -LEADER
fixed length control field 00598nam a22001937a 4500
003 - CONTROL NUMBER IDENTIFIER
control field OSt
005 - DATE AND TIME OF LATEST TRANSACTION
control field 20160922190658.0
008 - FIXED-LENGTH DATA ELEMENTS--GENERAL INFORMATION
fixed length control field 151201b xxu||||| |||| 00| 0 eng d
020 ## - INTERNATIONAL STANDARD BOOK NUMBER
International Standard Book Number 9781259255724
082 ## - DEWEY DECIMAL CLASSIFICATION NUMBER
Edition number 2015
Classification number DC 577
Item number C91
100 ## - MAIN ENTRY--PERSONAL NAME
9 (RLIN) 751
Personal name Cunningham, William P.
245 ## - TITLE STATEMENT
Title Environmental science:
Remainder of title a global concern/
Statement of responsibility, etc. William P. Cunningham
250 ## - EDITION STATEMENT
Edition statement Thirteenth edition.
260 ## - PUBLICATION, DISTRIBUTION, ETC. (IMPRINT)
Place of publication, distribution, etc. New York:
Name of publisher, distributor, etc. McGraw Hill,
Date of publication, distribution, etc. c2015
300 ## - PHYSICAL DESCRIPTION
Extent xxvi, 614 pages:
Other physical details illustrations;
Dimensions 27 cm.
500 ## - GENERAL NOTE
General note Includes glossary, credits and index.
700 ## - ADDED ENTRY--PERSONAL NAME
9 (RLIN) 753
Personal name Cunningham, Mary Ann
942 ## - ADDED ENTRY ELEMENTS (KOHA)
Source of classification or shelving scheme Dewey Decimal Classification
Koha item type Circulation
Holdings
Withdrawn status Lost status Source of classification or shelving scheme Damaged status Not for loan Collection code Home library Current library Shelving location Date acquired Source of acquisition Total Checkouts Full call number Barcode Date last seen Date last checked out Copy number Cost, replacement price Koha item type
    Dewey Decimal Classification     Circulation UM Digos College - LIC UM Digos College - LIC Book Cart 09/25/2014 Purchased 22 DC 577 C91 2015 22345 05/15/2025 11/03/2022 3 5067.32 Circulation